000 00864cab a2200241 4500
001 WB3522-28
008 090401t1999 xxu||||| |||| 00| 0 eng d
035 _a(Sirsi) u93853
041 _aeng
245 _aFrom factory to home in one step
260 _c1999
350 _a0
490 _aFinancial Times
_v8 June 1999, (2)
520 _aA five storey block of flats in Hackney has been built using prefabricated units, which were stacked and bolted together on site on prepared foundations. The project involved the Peabody Trust, Cartwright Pickard and Ove Arup, and is an instance of the growing trend for prefabrication.
650 _aFACTORY-BUILT HOUSING
650 _aOVE ARUP
650 _aPEABODY TRUST
650 _aPREFABRICATED HOUSES
650 _aPREFABRICATION
690 _aHOUSING-DEVELOPMENT
942 _n0
948 _c09/06/1999
999 _c59483
_d59483